00461nam a2200157Ia 4500003000400000008004100004040001600045082001700061100002000078245007000098300001100168490002900179650001900208650004000227650003600267GCL140319s9999 xx 000 0 ara d aGCL / cGCL04a320.5bل د1 aلويس عوض10aدراسات فى النظم والمذاهب / cلويس عوض a298 ص aكتاب الهلالv004aالسياسة04aالمذاهب الاقتصادية04aالمذاهب السياسية